Normal view
MARC view
- COMPETITION STRATEGIC PLANNING
Entry Topical Term
001 - CONTROL NUMBER
- control field: 80401
003 - CONTROL NUMBER IDENTIFIER
- control field: NUST
005 - DATE AND TIME OF LATEST TRANSACTION
- control field: 20210628210648.0
008 - FIXED-LENGTH DATA ELEMENTS
- fixed length control field: 210628|| aca||aabn | a|a d
040 ## - CATALOGING SOURCE
- Original cataloging agency: NUST
- Transcribing agency: NUST
150 ## - HEADING--TOPICAL TERM
- Topical term or geographic name entry element: COMPETITION STRATEGIC PLANNING
670 ## - SOURCE DATA FOUND
- Source citation: Work cat.: (NUST): Oster, Sharon.M 80400, Modern competitive analysis, 1999
